Bala Mukunda Gupta, (Record no. 76346)
[ view plain ]
| 000 -LEADER | |
|---|---|
| fixed length control field | 01004cam a22002771 4500 |
| 001 - CONTROL NUMBER | |
| control field | sa 67007082 |
| 003 - CONTROL NUMBER IDENTIFIER | |
| control field | DLC |
| 005 - DATE AND TIME OF LATEST TRANSACTION | |
| control field | 20260227112412.0 |
| 008 - FIXED-LENGTH DATA ELEMENTS--GENERAL INFORMATION | |
| fixed length control field | 890620s1965 ii c b 000 0 hino |
| 010 ## - LIBRARY OF CONGRESS CONTROL NUMBER | |
| LC control number | sa 67007082 |
| 035 ## - SYSTEM CONTROL NUMBER | |
| System control number | (OCoLC)19902495 |
| 040 ## - CATALOGING SOURCE | |
| Original cataloging agency | DLC |
| Transcribing agency | WaU |
| Modifying agency | NRU |
| -- | DLC |
| 042 ## - AUTHENTICATION CODE | |
| Authentication code | premarc |
| 050 00 - LIBRARY OF CONGRESS CALL NUMBER | |
| Classification number | PK2097.G8 |
| Item number | Z6 |
| 110 2# - MAIN ENTRY--CORPORATE NAME | |
| Corporate name or jurisdiction name as entry element | Bābū Bālamukunda Gupta Śatavārshikī Samāroha Samiti. |
| 245 00 - TITLE STATEMENT | |
| Title | Bala Mukunda Gupta, |
| Remainder of title | eka mūlyāṇkana. |
| Statement of responsibility, etc. | Sampādaka Kalyāṇamala Loṛhā [aura] Vishṇukānta Śāstrī. |
| 250 ## - EDITION STATEMENT | |
| Edition statement | [1. saṃskaraṇa] |
| 260 ## - PUBLICATION, DISTRIBUTION, ETC. | |
| Place of publication, distribution, etc. | Kalakattā, |
| Name of publisher, distributor, etc. | Bābū Bālamukunda Gupta Śatavārshikī Samāroha Samiti; [eka mātra vitaraka: Amitābha Prakāśana, |
| Date of publication, distribution, etc. | 1965] |
| 300 ## - PHYSICAL DESCRIPTION | |
| Extent | 214, 46 p. |
| Other physical details | port. |
| Dimensions | 22 cm. |
| 500 ## - GENERAL NOTE | |
| General note | In Hindi. |
| 504 ## - BIBLIOGRAPHY, ETC. NOTE | |
| Bibliography, etc. note | Bibliographical footnotes. |
| 600 10 - SUBJECT ADDED ENTRY--PERSONAL NAME | |
| Personal name | Gupta, Bālmukund, |
| Dates associated with a name | 1865-1907. |
| 700 1# - ADDED ENTRY--PERSONAL NAME | |
| Personal name | Gupta, Bālmukund, |
| Titles and other words associated with a name | 1865-1907. |
| 700 1# - ADDED ENTRY--PERSONAL NAME | |
| Personal name | Loṛhā, Kalyāṇamala. |
| 700 1# - ADDED ENTRY--PERSONAL NAME | |
| Personal name | Śāstrī, Vishṇukānta, |
| Dates associated with a name | 1929- |
No items available.